[Event "Sochi Tseshkovsky Memorial op"]
[Site "Sochi"]
[Date "2014.09.18"]
[Round "2"]
[White "Gutkis, Vladimir"]
[Black "Simantsev, Mikhail"]
[Result "0-1"]
[WhiteElo "2224"]
[BlackElo "2443"]
[PlyCount "82"]
[EventDate "2014.09.17"]
[EventType "swiss"]
[EventRounds "9"]
[EventCountry "RUS"]
[SourceTitle "CBM 162 Extra"]
[Source "ChessBase"]
[SourceDate "2014.10.17"]
[SourceVersion "1"]
[SourceVersionDate "2014.10.17"]
[SourceQuality "1"]

1. e4 c5 2. Nf3 e6 3. d4 cxd4 4. Nxd4 a6 5. Nc3 b5 6. Bd3 Qb6 7. Nb3 Qc7 8. Qf3 Nc6 9. Bf4 d6 10. Qg3 b4 11. Ne2 Nf6 12. Be3 g6 13. f4 Bg7 14. Rb1 0-0 15. 0-0 Bb7 16. Qh4 Rfe8 17. Rf3 Nb8 18. Nd2 Nbd7 19. Bd4 Qd8 20. Rbf1 Rc8 21. R3f2 Nc5 22. f5 Nfxe4 23. Qxd8 Rexd8 24. Nxe4 Nxe4 25. fxg6 Nxf2 26. gxf7+ Kxf7 27. Bxh7 Bxd4 28. Nxd4 Kg7 29. Rxf2 Kxh7 30. Rf7+ Kg6 31. Rxb7 e5 32. Nf3 Rxc2 33. Rxb4 Rdc8 34. h4 R8c4 35. Rb6 Rc6 36. Rb4 R2c4 37. Rb8 e4 38. Ng5 d5 39. Rb3 Kh5 40. Nf7 d4 41. Kf2 Rf6+ 0-1

[Event "Sochi op"]
[Site "Sochi"]
[Date "2011.06.21"]
[Round "5"]
[White "Vedmitsky, Denis"]
[Black "Gutkis, Vladimir"]
[Result "0-1"]
[WhiteElo "1679"]
[BlackElo "2260"]
[PlyCount "57"]
[EventDate "2011.06.17"]
[EventType "swiss"]
[EventRounds "9"]
[EventCountry "RUS"]
[SourceTitle "EXT 2012"]
[Source "ChessBase"]
[SourceDate "2011.11.24"]
[SourceVersion "1"]
[SourceVersionDate "2011.11.24"]
[SourceQuality "1"]

1. Nf3 e6 2. g3 f5 3. Bg2 Nf6 4. 0-0 Be7 5. c4 0-0 6. d4 d6 7. b3 Qe8 8. Nc3 Qh5 9. Bg5 Nbd7 10. e3 c6 11. Ne2 e5 12. Bxf6 Rxf6 13. dxe5 dxe5 14. Nc3 Rh6 15. h3 g5 16. Nh2 g4 17. Qe2 e4 18. Nxe4 fxe4 19. Nxg4 Re6 20. Rfd1 Qg6 21. Rd2 h5 22. Nh2 Ne5 23. Rc1 Rf6 24. h4 Be6 25. Rd4 Bf5 26. Qc2 Bc5 27. Rd2 Raf8 28. Qc3 Nd3 29. Rf1 0-1

[Event "Sochi op"]
[Site "Sochi"]
[Date "2011.06.19"]
[Round "3"]
[White "Gutkis, Vladimir"]
[Black "Novikova, Ksenia"]
[Result "1-0"]
[WhiteElo "2260"]
[BlackElo "2075"]
[PlyCount "33"]
[EventDate "2011.06.17"]
[EventType "swiss"]
[EventRounds "9"]
[EventCountry "RUS"]
[SourceTitle "EXT 2012"]
[Source "ChessBase"]
[SourceDate "2011.11.24"]
[SourceVersion "1"]
[SourceVersionDate "2011.11.24"]
[SourceQuality "1"]

1. e4 c5 2. Nf3 e6 3. c3 Nc6 4. d4 cxd4 5. cxd4 d5 6. e5 Bb4+ 7. Nc3 Nge7 8. Bd3 Bd7 9. 0-0 a6 10. a3 Ba5 11. Be3 Qc7 12. b4 Bb6 13. Rc1 Ng6 14. b5 axb5 15. Nxb5 Qd8 16. Nd6+ Ke7 17. Ng5 1-0

[Event "Anapa op"]
[Site "Anapa"]
[Date "2006.09.??"]
[Round "?"]
[White "Gutkis, Vladimir"]
[Black "Ershov, Ilya"]
[Result "1-0"]
[WhiteElo "2270"]
[BlackElo "2022"]
[PlyCount "49"]
[EventDate "2006.09.??"]
[EventType "swiss"]
[EventRounds "9"]
[EventCountry "RUS"]
[SourceTitle "EXT 2010"]
[Source "ChessBase"]
[SourceDate "2010.11.25"]
[SourceVersion "1"]
[SourceVersionDate "2010.11.25"]
[SourceQuality "1"]

1. d4 e6 2. Nd2 d5 3. Ngf3 Nf6 4. e3 c5 5. c4 Qa5 6. cxd5 exd5 7. dxc5 Bxc5 8. Be2 Bf5 9. 0-0 0-0 10. Nb3 Qb6 11. Nxc5 Qxc5 12. Nd4 Bg6 13. b3 Nc6 14. Bb2 Rfd8 15. Rc1 Qd6 16. Nxc6 bxc6 17. Qd4 Rac8 18. Rc5 Re8 19. Rfc1 Re4 20. Qc3 d4 21. Qd2 Nd7 22. R5c4 d3 23. Qxd3 Re6 24. Qc3 Nf6 25. Bg4 1-0

[Event "RUS-ch 1/2 fin"]
[Site "Krasnodar"]
[Date "2002.??.??"]
[Round "?"]
[White "Sirotine, Konstantin"]
[Black "Gutkis, Vladimir"]
[Result "0-1"]
[WhiteElo "2227"]
[BlackElo "2342"]
[PlyCount "56"]
[EventDate "2002.??.??"]
[EventType "swiss"]
[EventRounds "9"]
[EventCountry "RUS"]
[SourceTitle "EXT 2003"]
[Source "ChessBase"]
[SourceDate "2002.11.25"]
[SourceVersion "1"]
[SourceVersionDate "2002.11.25"]
[SourceQuality "1"]

1. e4 e6 2. d4 d5 3. e5 c5 4. c3 Nc6 5. Nf3 Qb6 6. a3 a5 7. Bd3 Bd7 8. 0-0 Nh6 9. Bc2 Be7 10. Re1 Nf5 11. Bxf5 exf5 12. c4 Be6 13. Nc3 Rd8 14. cxd5 Bxd5 15. Nxd5 Rxd5 16. dxc5 Rxd1 17. cxb6 Rxe1+ 18. Nxe1 Bc5 19. Nf3 Bxb6 20. Bf4 h6 21. h4 Ke7 22. Rd1 Rd8 23. Rxd8 Kxd8 24. Nd2 Bc7 25. Nc4 f6 26. exf6 Bxf4 27. fxg7 Ne7 28. Nxa5 Kc7 0-1